|
|
|
|
| LEADER |
00000cam a2200000 4500 |
| 001 |
vtls011882487 |
| 003 |
SK-MaSNL |
| 005 |
20260301101849.0 |
| 008 |
220107s2019 xr gr 000 e cze |
| 015 |
|
|
|a SNBZSA2021/08
|
| 020 |
|
|
|a 9788074503399
|q (brožované)
|
| 035 |
|
|
|a urn:nbn:sk:snk-am00g3es
|
| 035 |
|
|
|a urn:nbn:sk:snk-am3iyx7
|
| 035 |
|
|
|a E407FA98-3566-4FA9-84EC-44AFF3D64DE4
|
| 040 |
|
|
|a SNK
|b slo
|c SNK
|e rda
|
| 041 |
1 |
|
|a cze
|h slo
|
| 044 |
|
|
|a pl
|c PL
|
| 072 |
|
7 |
|a 27-5
|x Liturgia. Kresťanské umenie a symbolika. Duchovný život
|2 konspekt
|
| 080 |
|
|
|a 27-55-543.8
|2 2011
|
| 080 |
|
|
|a 2-184
|2 2011
|
| 080 |
|
|
|a 27-185.3
|2 2011
|
| 080 |
|
|
|a 27-582/-587
|2 2011
|
| 080 |
|
|
|a 27-185.33
|2 2011
|
| 080 |
|
|
|a 27-144.82
|2 2011
|
| 080 |
|
|
|a (049)
|2 2011
|
| 080 |
|
|
|a (0.062)
|2 2011
|
| 100 |
1 |
|
|a Zamkovský, Michal,
|d 1948-
|4 aut
|9 183109
|
| 240 |
1 |
0 |
|a Sedem krokov k dobrej spovedi
|l Česky
|
| 245 |
1 |
0 |
|a Sedm kroků k dobré zpovědi
|c Michal Zamkovský ; ze slovenského originálu Sedem krokov k dobrej spovedi ... přeložila Eva Mešková
|
| 250 |
|
|
|a První vydání
|
| 264 |
|
1 |
|a Praha
|b Paulínky
|c 2019
|
| 300 |
|
|
|a 71 strán
|c 18 cm
|
| 336 |
|
|
|a text
|b txt
|2 rdacontent
|
| 337 |
|
|
|a bez média
|b n
|2 rdamedia
|
| 338 |
|
|
|a zväzok
|b nc
|2 rdacarrier
|
| 490 |
1 |
|
|a Cesty spirituality
|
| 500 |
|
|
|a Preložené zo slovenčiny
|
| 500 |
|
|
|a Obsahuje profesijné údaje o autorovi na obálke
|
| 650 |
0 |
7 |
|a sviatosť zmierenia
|2 SNKPH
|9 828
|
| 650 |
0 |
7 |
|a Boh a človek
|2 SNKPH
|9 1711
|
| 650 |
0 |
7 |
|a hriech
|2 SNKPH
|9 1937
|
| 650 |
0 |
7 |
|a sebapoznanie
|2 SNKPH
|9 4292
|
| 650 |
0 |
7 |
|a pokánie
|2 SNKPH
|9 966
|
| 650 |
0 |
7 |
|a Božie milosrdenstvo
|2 SNKPH
|9 78604
|
| 650 |
0 |
7 |
|a Penance
|2 SNKPHeng
|9 318361
|
| 650 |
0 |
7 |
|a Relations between God and man
|2 SNKPHeng
|9 303193
|
| 650 |
0 |
7 |
|a Sin
|2 SNKPHeng
|9 306533
|
| 650 |
0 |
7 |
|a Self-consciousness
|2 SNKPHeng
|9 281701
|
| 650 |
0 |
7 |
|a Penitence
|2 SNKPHeng
|9 369486
|
| 650 |
0 |
7 |
|a Graciousness of God
|2 SNKPHeng
|9 323697
|
| 655 |
|
7 |
|a rozpravy
|2 SNKPH
|9 70559
|
| 655 |
|
7 |
|a Essays
|2 SNKPHeng
|9 267540
|
| 655 |
|
7 |
|a Popular works
|2 SNKPHeng
|9 90287
|
| 655 |
|
7 |
|a populárno-náučné publikácie
|2 SNKPH
|9 70460
|
| 700 |
1 |
|
|a Mešková, Eva
|4 trl
|9 421380
|
| 830 |
|
0 |
|a Cesty spirituality
|9 436754
|
| 919 |
|
|
|a 978-80-7450-339-9
|
| 958 |
|
|
|a ZS
|
| 958 |
|
|
|a UP
|
| 968 |
|
|
|b SLO
|
| 999 |
|
|
|c 690549
|d 692479
|
| 952 |
|
|
|a SNK
|b SNK
|y VYP
|7 0
|p 17A1451890
|o snkSD 89664 D1
|i snk2021/3367
|8 2
|g 4.86
|0 0
|1 0
|4 0
|d 2019-08-20
|l 0
|r 2026-02-23 20:25:41
|w 2026-02-23
|
| 952 |
|
|
|a SNK
|b SNK
|y NEVYP
|7 1
|p 17A1448614
|o snkSD 89664
|i snk2021/1306
|8 4
|g 5.29
|0 0
|1 0
|4 0
|d 2020-02-27
|f 1
|l 0
|r 2026-02-23 20:25:41
|w 2026-02-23
|